01325cam a2200277 i 45000010009000000050017000090080041000260200018000670200015000850350024001000400053001240410008001771000028001852450093002132600079003063000021003855040053004065050421004595460020008806000032009006500016009326500023009486500040009716500017010116510019010281867583920160328150722.0160328s2016 xxu frb 001 0 eng d a9780691159126 a0691159122 a(OCoLC)ocn908084085 aCO-BoUMCbspacSaul NiñodSaul Niñod[Nuevo]0 aeng1 aWray, L. Randalld1953-10aWhy Minsky mattersban introduction to the work of a maverick economistcL. Randall Wray aPrinceton (Nueva Jersey, Estados Unidos)bPrinceton University Pressc2016 ax, 273 páginas aIncluye referencias bibliográficas e índices0 aOverview of Minsky's main contributions -- Where did we go wrong? Macroeconomics and the road not taken -- Minsky's early contributions : the financial instability hypothesis -- Minsky's views on money and banking -- Minsky's approach to poverty and unemployment -- Minsky and the global financial crisis -- Minsky and financial reform -- Conclusion : reforms to promote stability, democracy, security, and equality. aTexto en ingles10aMinsky, Hyman P.d1919-1996 7aEconomía  7aCrisis financiera  0aCrisis financiera global, 2008-2009 7aEconomistas  7aEstados Unidos